| 000 | 00319nam a2200121Ia 4500 | ||
|---|---|---|---|
| 008 | 231129s1970||||xx |||||||||||||| ||spa|| | ||
| 040 | _bspa | ||
| 082 | _a(i) 808.83936 G748g | ||
| 245 | 0 | _aEl gran libro de las fieras: Los mejores cuentos de animales salvajes | |
| 260 | _c1970 | ||
| 264 | _aNoguer | ||
| 942 |
_2ddc _cBKS |
||
| 999 |
_c11177 _d11177 |
||